Licensure examination for teachers : (Record no. 1256)
[ view plain ]
| 000 -LEADER | |
|---|---|
| fixed length control field | 00665nam a22002057a 4500 |
| 003 - CONTROL NUMBER IDENTIFIER | |
| control field | OSt |
| 005 - DATE AND TIME OF LATEST TRANSACTION | |
| control field | 20160923114159.0 |
| 008 - FIXED-LENGTH DATA ELEMENTS--GENERAL INFORMATION | |
| fixed length control field | 160311b xxu||||| |||| 00| 0 eng d |
| 020 ## - INTERNATIONAL STANDARD BOOK NUMBER | |
| International Standard Book Number | 978-9-71990808-1 (pbk.) |
| 040 ## - CATALOGING SOURCE | |
| Transcribing agency | LIC |
| 082 ## - DEWEY DECIMAL CLASSIFICATION NUMBER | |
| Edition number | 2013 |
| Classification number | DFil 371.12076 |
| Item number | L61 |
| 245 ## - TITLE STATEMENT | |
| Title | Licensure examination for teachers : |
| Remainder of title | NCBTS oriented. Test questions 2013 edition module 2 (skill kit) |
| 250 ## - EDITION STATEMENT | |
| Edition statement | 2013 Edition |
| 260 ## - PUBLICATION, DISTRIBUTION, ETC. (IMPRINT) | |
| Place of publication, distribution, etc. | Sampaloc, Manila : |
| Name of publisher, distributor, etc. | MET Review, LET Specialist, |
| Date of publication, distribution, etc. | c2013. |
| 300 ## - PHYSICAL DESCRIPTION | |
| Extent | 132 pages ; |
| Dimensions | 26 cm. |
| 365 ## - TRADE PRICE | |
| Price amount | 925.00 |
| Currency code | Php |
| 500 ## - GENERAL NOTE | |
| General note | Includes appendix. |
| 650 #0 - SUBJECT ADDED ENTRY--TOPICAL TERM | |
| 9 (RLIN) | 3624 |
| Topical term or geographic name as entry element | Teachers |
| General subdivision | Examinations, questions, etc. |
| 942 ## - ADDED ENTRY ELEMENTS (KOHA) | |
| Source of classification or shelving scheme | Dewey Decimal Classification |
| Koha item type | Filipiniana |
| Withdrawn status | Lost status | Source of classification or shelving scheme | Damaged status | Not for loan | Collection code | Home library | Current library | Shelving location | Date acquired | Source of acquisition | Total Checkouts | Full call number | Barcode | Date last seen | Date last checked out | Cost, replacement price | Price effective from | Koha item type |
|---|---|---|---|---|---|---|---|---|---|---|---|---|---|---|---|---|---|---|
| Dewey Decimal Classification | Filipiniana | UM Digos College - LIC | UM Digos College - LIC | Book Cart | 09/25/2014 | Purchased | 13 | DFil 371.12076 L61 2013 | 22430 | 09/19/2019 | 09/16/2019 | 925.00 | 03/11/2016 | Filipiniana |
